000 00379 a2200109 4500
001 ART_3518
005 20260410161715.0
008 260409a
245 1 0 _aLos resultados de la política de promoción industrial al cabo de un decenio, 1974-1983
100 1 _aAzpiazu, Daniel
773 0 _tDesarrollo económico
_g- Vol. 26, Nº 104 (ene./mar. 1987)
_wREV1174
999 _c16465
_d16465